| 000 | 00744nam a2200241 4500 | ||
|---|---|---|---|
| 001 | VA62528 | ||
| 003 | ES-SlBCS | ||
| 005 | 20210601161158.0 | ||
| 008 | 140520s1985 xxu||||| |||| 00| 0 spa d | ||
| 017 | _aB-8334-1985 | ||
| 020 | _a84-345-2039-7 | ||
| 041 | _aspa | ||
| 100 | 1 |
_aKolodny, Robert C. _9375237 |
|
| 245 | 1 | 0 |
_aTratado de medicina sexual _cRobert C. Kolodny; William H. Masters, Virginia E. Johnson, Angels Salvador |
| 260 |
_aBarcelona : _bSalvat _c, 1985 |
||
| 300 |
_aXI,551 p.; _c26 cm |
||
| 500 | _aTít. orig.: Texbook of Sexual Medicine | ||
| 650 | 0 | 4 |
_aMedicina Sexual _9399027 |
| 700 | 1 |
_aJohnson, Virginia E. _9354566 |
|
| 700 | 1 |
_aMasters, William H. _9354565 |
|
| 700 | 1 |
_aSalvador, Angels _9399028 |
|
| 942 | _cBK | ||
| 999 |
_c838689 _d838689 |
||